Les Physiciens par Images - Statistiques

Statistiques générales
  • Ce quiz a été pris 96 fois
  • Le résultat moyen est 8 sur 18
Statistiques - réponses
Par images Réponse % Correct
Albert Einstein
100%
Marie Curie
99%
Isaac Newton
95%
Stephen Hawking
83%
Robert Oppenheimer
77%
Galilée
71%
Erwin Schrödinger
45%
Niels Bohr
43%
Max Planck
33%
James Clerk Maxwell
21%
Johannes Kepler
20%
Werner Heisenberg
20%
Amedeo Avogadro
17%
Peter Higgs
11%
Alessandro Volta
10%
André-Marie Ampère
7%
Lord Kelvin
7%
Michael Faraday
6%
Aucun quiz correspondant
Distribution des résultats
% des personnes avec chaque résultat
Percentile par nombre de réponses
Votre historique - résultats
Vous n’avez pas pris ce quiz